000 01238nam0a2200325 4500
001 RU\NLR\ONL2\25695
005 20250806204058.0
035 _a(NLR Aleph) 010212650
090 _a83872
_c83872
100 _a20130321d1942 u y0rusy50 ca
101 0 _aaze
102 _aAZ
105 _ay |||||||||
200 1 _aӘдәбиjjәт шө'бәси
_ejени jазан ше'р hәвәскәрларына илк jардым
_fИ. Заманлы
_gАзССР ХМК Республика ушаг бәдии тәрбиjә еви
210 _aБакы
_cАзССР ХМК Республика ушаг бәдии тәрбиjә еви
_d1942
215 _a2,[2] с.
_d22
300 _aБез тит. л. и обл. Описано по 1 с. текста
541 1 _6z01790
_aОтдел литературы
_zrus
686 1 _aЧ736
700 1 _aЗаманлы
_bИ.
_gИбраhим
_4070
790 1 _6z01541
_aЗаманлы
_bИ.
_gИбрагим
_4070
801 0 _aRU
_bNLR
_c20130325
_gPSBO
852 _aNLR
_jАзерб./3-1795
852 _aNLR
_bОНЛ
942 _cBOOK
945 _aРоссийская национальная библиотека
980 _aBV
980 _aONL_RF